000 00461nam a2200181Ia 4500
008 180921t2009 xxu||||| |||| 00| 0 sin d
041 _asin
080 _a581
_bMUT
100 _aMutumala,Chaminda Kumara.
245 _aජෛව විවිධත්වය
246 _aJaiva Vividathvaya
260 _bS.Godage
_aColombo
_c2009
300 _a71p., 21 cm
650 _aBotany
942 _cBK
999 _c14132
_d14132
003 LK-CoDNM
040 _aLK-CoDNM
_dLK-CoDNM
_eLK-CoDNM